Aspects of land policy in Assam : (Record no. 137336)

MARC details
000 -LEADER
fixed length control field 00539nam a22001697a 4500
005 - DATE AND TIME OF LATEST TRANSACTION
control field 20170201144942.0
010 ## - LCCN (DPL NO)
LC control number ENG-117214
020 ## - INTERNATIONAL STANDARD BOOK NUMBER
International Standard Book Number 9788192351858
Terms of availability 550.00
035 ## - SYSTEM CONTROL NUMBER
System control number EN-100746
037 ## - SOURCE OF ACQUISITION
Source of stock number/acquisition DBAD/PUB
082 ## - DEWEY DECIMAL CLASSIFICATION NUMBER
Classification number 333.315457
245 ## - TITLE STATEMENT
Title Aspects of land policy in Assam :
Remainder of title continiuty and change /
260 ## - PUBLICATION, DISTRIBUTION, ETC. (IMPRINT)
Place of publication, distribution, etc Guwahti
Name of publisher, distributor, etc Vivekananda Kendra Institute of Culture
Date of publication, distribution, etc 2012
270 ## - ADDRESS
Address Riversized, Uzanbazar, M G Road
City Guwahti
Postal code 781001
300 ## - PHYSICAL DESCRIPTION
Extent xiii,242p.
Dimensions 23cm(Hb)
942 ## - ADDED ENTRY ELEMENTS (KOHA)
Source of classification or shelving scheme Dewey Decimal Classification
Item type English Books
Classification part 333.315451
Call number suffix ASP
Holdings
Withdrawn status Lost status Not for loan Collection code Home library Current library Date acquired Source of acquisition Cost, normal purchase price Full call number Barcode Copy number Cost, replacement price Koha item type
    Not For Loan Non-fiction D.B.Act.Division Bawana 01/02/2017 DBAD/PUB 550.00 333.315451 ASP EN-100746 1 550.00 English Books

© Delhi Public Library
Hit Counter
free hit counter